000
nam a22 7a 4500
999
_c
52367
_d
52367
003
OSt
005
20220622095526.0
008
220622b xxu||||| |||| 00| 0 eng d
040
_c
IIMT UNIVERSITY MEERUT
100
_a
KAPOOR. J.K.
245
_a
DARAV KI SAMARTH
260
_b
BHARAT BHARTI
300
_a
459
942
_2
ddc
_c
09